| 000 | 00714cam a2200265 4500500 | ||
|---|---|---|---|
| 005 | 20260329004757.0 | ||
| 041 | _afre | ||
| 042 | _adc | ||
| 100 | 1 | 0 |
_aEnjalbert, Cédric _eauthor |
| 245 | 0 | 0 | _aGénération éthique |
| 260 | _c2021. | ||
| 500 | _a94 | ||
| 690 | _aÂge | ||
| 690 | _aGénérations | ||
| 690 | _aJeunesse | ||
| 690 | _aMorale | ||
| 690 | _aPossibles | ||
| 690 | _arelativisme | ||
| 690 | _aRévolte | ||
| 690 | _aSagesse | ||
| 690 | _atolérance | ||
| 690 | _aVulnérabilité | ||
| 786 | 0 | _nPhilosophie magazine | 148 | 4 | 2021-04-01 | p. 37-38 | 1951-1787 | |
| 856 | 4 | 1 | _uhttps://shs.cairn.info/magazine-philosophie-magazine-2021-4-page-37?lang=fr&redirect-ssocas=7080 |
| 999 |
_c1837206 _d1837206 |
||